000 00646nam a2200241Ia 4500
003 OSt
005 20220918223828.0
006 a|||||r|||| 00| 0
007 ta
008 220917b |||||||| |||| 00| 0 eng d
024 _a225,371
037 _cTextual
040 _aARTS
_cARTS
_beng
041 _2eng
_aeng
082 _aW:5, P5.1
100 _aNaila Kabeer Ed.
_9146743
245 0 _aInclusive citizenship
_b Meanings and expressions
260 _aLondon
_bZed books
_c2005
300 _axiv, 274p
_ccm.
650 _aPOLITICAL SCIENCE
942 _hW:5, P5.1
_cTEXL
_2CC
999 _c279556
_d279556